| 000 | 00357nam a2200145Ia 4500 | ||
|---|---|---|---|
| 005 | 20251222144802.0 | ||
| 008 | 251222s9999||||xx |||||||||||||| ||spa|| | ||
| 020 | _a970-686-193-9 | ||
| 082 | _a658.151/P43 | ||
| 100 | _aPerdomo Moreno, Abraham | ||
| 245 | 0 | _aPlaneación Financiera: | |
| 250 | _a6a.ed. | ||
| 264 | _bInternational Thomson | ||
| 942 | _cLIB | ||
| 999 |
_c19762 _d19762 |
||